01235 a2200193 4500003000500000005001700005040000900022082001700031100005300048245006900101260002600170300001000196505050400206650003500710942001200745999001900757952014000776952012500916Nust20221226123725.0 cNust a297.122, SEO aSeoharvi, maulana Muhammad Hifzur Rehman9105918 aStories from the Quranc Maulana Muhammad Hifzur Rehman Seoharvi aKarachibDarul Ishaat a666:p aSurah Al Qalam And The Owners Of The Garden (Page-15), A Beliver And Unbeliever (Page-19), People Of A Township (Page-25), Sayyidina Luqman (Page-30), The Sabbath-Breakers (Page-45), The Dwellers Of Ar Rass (Page-67), Bayat Al Maqdis (Page-73), Zulgarnayn (Page-93), Dwellers Of The Cave And The Inscription (Page-177), Saba And Inundation Of Al Aram (Page-201), Ukhdud (Page-227), Sayyidina Isa (Page-274), Sayyidina Muhammad (Page-385), Al Isra (Page-461), Hijran (Page-475), Ghazawat (Page-493).  aStories from the Quran9105919 2ddccBK c185278d185278 00102ddc4070aMCSbMCScGENd2016-12-12l4o297.122,SEOpMCS31322r2025-12-15s2025-11-12w2016-12-12yBKzAlmirah No.47, Shelf No.2 00102ddc4070aMCSbMCScGENd2016-12-12o297.122,SEOpMCS31323r2016-12-08w2016-12-12yBKzAlmirah No.47, Shelf No.2